00333nam a2200133Ia 4500008004100000041000800041082001700049100001400066245002600080250001400106260003300120300003200153365001400185240624s9999 xx 000 0 und d aeng a658.4012 BES aBESANKO D aECONOMICS OF STRATEGY a(3rd ed.) c2007aNew DelhibWiley India axxiv, : 632 : p. : cm. ; 25 cRSb33.33